000 00439nam a2200181Ia 4500
001 8905
005 20260306160644.0
008 260306t2016||||xx |||||||||||||| ||spa||
041 _aESP
082 _a371.9046
_bC78
100 _aCorvaia, Adriana
_eAUT
245 0 _aIntegración escolar:
_bun encuentro de miradas
260 _c2016
300 _a91 pƔginas :
_c22 cm.
650 _aGEN
654 _aCED
942 _cLIB
_dJUS
_fJUS
_2ddc
_n
999 _c8905
_d8905